000 00227nam a22000857a 4500
008 160912b xxu||||| |||| 00| 0 eng d
100 _9364
_aNCERT
245 _aSystemic Reforms for Curriculam Change
260 _aNew Delhi
_bNCERT
_c2006
999 _c3024
_d3024